000 00674nam a2200241Ia 4500
003 OSt
005 20240729164156.0
008 210210b2005 xxu||||| |||| 00| 0 eng d
040 _cAL
041 _aKonkani
082 _a891.463 PIRB
100 _aPIRERA (Asunta)
_dಪಿರೇರಾ (ಅಸುಂತಾ)
_9174464
245 _aBesavm : Ani her katha
_bಬೆಸಾಂವ್ ಆನಿ ಹೆರ್ ಕಥಾ
260 _aGantalkatte
_bNot Mentioned
_c2005
300 _a86
650 _akatha
_9174465
650 _aher
_9174466
650 _aBesav
_9174467
650 _aAni
_9174468
690 _aKonkani Fiction
_9174469
906 _a064076
942 _2ddc
_cBK
999 _c139357
_d139357